Railroad accounting /

Bibliographic Details
Main Author: Hooper, William Everett, 1883-
Format: Book
Language:English
Published: New York, London : D. Appleton and company, 1915.
Series:Appleton's railway series.
Subjects:

MARC

Tag First Indicator Second Indicator Subfields
LEADER 00000cam a2200000 4500
001 in00000081573
005 20151008053014.0
008 761014s1915 nyu 00000 eng
010 |a  15005360  
035 |a (OCoLC)02502182 
035 |9 AAH5822AM 
040 |a DLC  |c TOL  |d TXA  |d UtOrBLW 
049 |a TXAM  |c 1 [22581]  |c 2 [5947] 
050 0 0 |a HE2241  |b .H6 
092 |a 385  |b H788r 
100 1 |a Hooper, William Everett,  |d 1883- 
245 1 0 |a Railroad accounting /  |c by William E. Hooper. 
264 1 |a New York,  |a London :  |b D. Appleton and company,  |c 1915. 
300 |a xi, 461 pages :  |b illustrations, forms, (part folded) ;  |c 22 cm. 
336 |a text  |b txt  |2 rdacontent 
337 |a unmediated  |b n  |2 rdamedia 
338 |a volume  |b nc  |2 rdacarrier 
490 1 |a Appleton's railway series 
650 0 |a Railroads  |x Accounts, bookkeeping, etc. 
830 0 |a Appleton's railway series. 
999 |a MARS 
999 f f |s 8364e68a-b14d-3219-ba66-b28cddf9147e  |i 34ea697e-90dc-3bd2-9612-657a31ea352f  |t 0 
952 f f |p ric  |a Texas A&M University  |b Rellis Campus  |c Joint Library Facility  |d Remote Storage  |t 0  |e HE2241 .H6  |h Library of Congress classification  |i unmediated -- volume  |m A14800877917 
998 f f |a HE2241 .H6  |t 0  |l Remote Storage